LEADER 02929nam 2200697 a 450 001 9910480781203321 005 20170816120304.0 010 $a1-4522-0410-1 010 $a1-4129-2658-0 010 $a1-4522-2276-2 035 $a(CKB)2550000000108045 035 $a(EBL)996424 035 $a(OCoLC)809771912 035 $a(SSID)ssj0000704688 035 $a(PQKBManifestationID)12219965 035 $a(PQKBTitleCode)TC0000704688 035 $a(PQKBWorkID)10720101 035 $a(PQKB)10458112 035 $a(SSID)ssj0000697327 035 $a(PQKBManifestationID)12331879 035 $a(PQKBTitleCode)TC0000697327 035 $a(PQKBWorkID)10691543 035 $a(PQKB)10630668 035 $a(MiAaPQ)EBC996424 035 $a(OCoLC)804847835 035 $a(StDuBDS)EDZ0000076846 035 $a(EXLCZ)992550000000108045 100 $a20120418d2007 fy 0 101 0 $aeng 135 $aur|n|---||||| 181 $ctxt 182 $cc 183 $acr 200 10$aConsensus organizing$b[electronic resource] $ebuilding communities of mutual self-interest /$fMike Eichler 210 $aThousand Oaks, Calif. ;$aLondon $cSAGE$dc2007 215 $a1 online resource (273 p.) 300 $aDescription based upon print version of record. 311 $a1-4522-3622-4 311 $a1-322-30606-0 311 $a1-4129-2659-9 320 $aIncludes bibliographical references and index. 327 $aCOVER; CONTENTS; INTRODUCTION; 1 - COMMUNITY ORGANIZING; 2 - EVOLUTION OF CONSENSUS ORGANIZING; 3 - ISSUES ANALYSIS; 4 - PROGRAM DESIGN; 5 - CULTURAL COMPETENCY IN CONSENSUS ORGANIZING; 6 - CONSENSUS ORGANIZING STRATEGIES AND TACTICS; 7 - DEVELOPING EXTERNAL RELATIONSHIPS; 8 - FORMING PARTNERSHIPS; 9 - BUILDING PERSONAL RELATIONSHIPS; 10 - BUILDING INSTITUTIONAL RELATIONSHIPS; 11 - DEVELOPING YOUNG ORGANIZERS; 12 - USING CONSENSUS ORGANIZING IN OTHER PROFESSIONS; 13 - THE FUTURE OF CONSENSUS ORGANIZING; "ANSWERS" TO REFLECTION QUESTIONS; INDEX; ABOUT THE AUTHOR 330 8 $aWritten in a logical, teachable, and pragmatic style,this book provides a model of social change for the 21st century. Through real examples, the author illustrates how anyone can practice consensus organizing and help the poor, forgotten, and disempowered. 606 $aCommunity organization$zUnited States 606 $aSocial action$zUnited States 606 $aConsensus (Social sciences)$zUnited States 606 $aCommunity development$zUnited States 608 $aElectronic books. 615 0$aCommunity organization 615 0$aSocial action 615 0$aConsensus (Social sciences) 615 0$aCommunity development 676 $a322.440973 676 $a361.2 700 $aEichler$b Mike$01044612 801 0$bStDuBDS 801 1$bStDuBDS 906 $aBOOK 912 $a9910480781203321 996 $aConsensus organizing$92470359 997 $aUNINA LEADER 03245oam 2200601 c 450 001 9910284438803321 005 20260302090207.0 010 $a9783866496026 010 $a3866496028 024 7 $a10.3224/86649263 035 $a(CKB)4910000000018623 035 $a(OAPEN)1000486 035 $a(Verlag Barbara Budrich)9783866496026 035 $a(oapen)https://directory.doabooks.org/handle/20.500.12854/32413 035 $a(MiAaPQ)EBC30196580 035 $a(Au-PeEL)EBL30196580 035 $a(ScCtBLL)3cd2aa13-33bd-493b-a995-7de0a47d640f 035 $a(OCoLC)1105786281 035 $a(Perlego)3256225 035 $a(oapen)doab32413 035 $a(OCoLC)1492920539 035 $a(EXLCZ)994910000000018623 100 $a20260302d2010 uy 0 101 0 $aeng 135 $auuuuu---auuuu 181 $ctxt$2rdacontent 182 $cc$2rdamedia 183 $acr$2rdacarrier 200 04$aThe Good Cause $eTheoretical Perspectives on Corruption /$fGjalt de Graaf, Patrick von Maravic, Pieter Wagenaar 205 $a1st ed. 210 $aLeverkusen$cVerlag Barbara Budrich$d2010 215 $a1 online resource (205) 311 08$a9783866492639 311 08$a3866492634 327 $aIntroduction. Causes of Corruption : The Right Question or the Right Perspective? / Gjalt de Graaf, Patrick von Maravic, Pieter Wagenaar -- Max Weber, Bureaucracy, and Corruption / William D. Rubinstein, Patrick von Maravic -- Corruption and Anti-Corruption in Prismatic Societies / Frank de Zwart -- The Institutional Economics of Corruption / Susan Rose-Ackerman -- Understanding Corruption : How Systems Theory Can Help / Petra Hiller -- Institutional Design and Good Governance / B. Guy Peters -- Constructing Corruption / Gjalt de Graaf, Pieter Wagenaar, Michel Hoenderboom -- The Criminology of Corruption / Wim Huisman, Gudrun Vande Walle -- A Multi Approach in Corruption Research : Towards a More Comprehensive Multi-Level Framework to Study Corruption and its Causes / Leo Huberts -- Concepts, Causes, and the Neglected Third Party : the Victim of Corruption / Gjalt de Graaf, Patrick von Maravic, Pieter Wagenaar. 330 $aMoney makes the world go round - corruption The book presents the state of the art in studying the causes of corruption from a comparative perspective. Leading scholars in the field of corruption analysis shed light on the issue of corruption from different theoretical perspectives. Understanding how different theories define, conceptualize, and eventually deduce policy recommendations will amplify our understanding of the complexity of this social phenomenon and illustrate the spectrum of possibilities to deal with it analytically as well as practically. 606 $acorruption 606 $atheory 606 $asocial science 615 4$acorruption 615 4$atheory 615 4$asocial science 676 $a364.1323 686 $a360$2GyFmDB 702 $ade Graaf$b Gjalt$4edt 702 $avon Maravic$b Patrick$cDr.$4edt 702 $aWagenaar$b Pieter$cDr.$4edt 801 0$bVerlag Barbara Budrich 801 1$bVerlag Barbara Budrich 906 $aBOOK 912 $a9910284438803321 996 $aThe Good Cause$92781950 997 $aUNINA